AI - The New Intelligence in Sales Tools, Applications and Potentials of Artificial Intelligence

Saved in:
Bibliographic Details
Main Author: Rainsberger, Livia
Format: Book
Language:English
Published: Wiesbaden Springer 2022
Subjects:
Tags: Add Tag
No Tags, Be the first to tag this record!

MARC

LEADER 00000nam a2200000 4500
001 0300460
005 20240704093007.3
020 |a 978-3-658-38250-6 
041 0 |a eng 
044 |a DE 
245 1 0 |a AI - The New Intelligence in Sales  |b Tools, Applications and Potentials of Artificial Intelligence  |c Livia Rainsberger 
264 1 |a Wiesbaden  |b Springer  |c 2022 
300 |a 166 s. 
610 2 0 |a inteligencia umelá 
610 2 0 |a predaj 
610 2 0 |a digitalizácia 
610 2 0 |a automatizácia 
610 2 0 |a dáta 
610 2 0 |a spracovanie dát 
100 1 |a Rainsberger, Livia